Polish Footballers by Picture - Statistics

General Stats
  • This quiz has been taken 32 times
  • The average score is 14 of 20
Answer Stats
Picture Answer % Correct
Robert Lewandowski
97%
Wojciech Szczęsny
94%
Piotr Zieliński
88%
Arkadiusz Milik
84%
Jakub Błaszczykowski
84%
Jerzy Dudek
75%
Łukasz Piszczek
75%
Kamil Glik
72%
Krzysztof Piątek
72%
Łukasz Fabiański
72%
Grzegorz Krychowiak
66%
Jakub Kiwior
66%
Nicola Zalewski
66%
Zbigniew Boniek
66%
Jan Bednarek
63%
Kamil Grosicki
63%
Artur Boruc
59%
Jacek Krzynówek
41%
Michał Żewłakow
31%
Maciej Żurawski
28%
No matching quizzes found
Score Distribution
Percent of People with Each Score
Percentile by Number Answered
Your Score History
You have not taken this quiz